| 000 | 00634nam a2200241 a 4500 | ||
|---|---|---|---|
| 001 | nice12345678 | ||
| 003 | IN_TiNIC | ||
| 005 | 20260116011315.0 | ||
| 008 | 050524s1969 bana grp 000 0 eng | ||
| 020 |
_a _c5.5 |
||
| 082 | 0 | 0 |
_a230.0954 _bBAA |
| 100 | _aBaago, Kaj | ||
| 245 |
_aPioneers of Indigenous Christianity _b Confessling the Faith in India No.4 |
||
| 260 |
_aBangalore _bChristian Instt.For Study of Religion _c1969 |
||
| 300 | _a214p | ||
| 500 | _aincludes index and biblioraphy | ||
| 505 | 2 | _aAppendix | |
| 650 | _aTheology-India | ||
| 700 | 1 | _aBaago, Kaj | |
| 902 | _bSRS | ||
| 942 | _cBK | ||
| 999 |
_c359 _d359 |
||